000 00560nam a22001697a 4500
005 20231115071246.0
008 231115b |||||||| |||| 00| 0 eng d
020 _a97806639001456 ; 9780409078182
041 _aEnglish
082 _a344.4 SAN
100 _aSaner, J
_lEnglish
245 _aMedical Malpractice in South Africa :
_bA Guide for Medical and Legal Practitioners /
_cJ Saner
260 _aDurban :
_bLexisNexis (Pty) Ltd,
_c2008
300 _bxvi,
_c26 cm.
650 _aLegal practice
_bLaw
942 _cBK
_6ALISON_BN_VRIES
999 _c649
_d649